000 00206 a2200109 4500
020 _a9788490329344
041 _aspa
100 _aAlice Munro
245 _aAmistad de Juventud
942 _cBK
952 _71
999 _c24501
_d24501